Ленін з нами ? (Запис № 17436)
[ простий вигляд ]
| 000 -Маркер запису | |
|---|---|
| Контрольне поле сталої довжини | 03290nam a22002417a 4500 |
| 003 - Належність контрольного номера | |
| Контрольне поле | Uzh_bibl |
| 008 - Кодовані дані | |
| Контрольне поле сталої довжини | 260422b |||||||| |||| 00| 0 ukr d |
| 020 ## - Індекс ISBN | |
| ISBN | 978-966-03-8008-0 |
| Ціна | 33.00 |
| 040 ## - Джерело каталогіз. | |
| Код мови каталог. | укр. |
| 041 ## - Код мови видання | |
| Код мови оригіналу | українська |
| Код мови тексту | українська |
| 080 ## - Індекс УДК | |
| Індекс УДК | 94(477) |
| 090 ## - Шифри | |
| Поличний індекс | 94(477) |
| Авторський знак | А 18 |
| 100 ## - Автор | |
| Автор | Аваков,Арсен |
| 245 ## - Назва | |
| Назва | Ленін з нами ? |
| Відповідальність | худож.оформ.М.С.Мендор |
| Фізичний носій | Текст |
| 260 ## - Вихідні дані | |
| Місце видання | Харків |
| Видавництво | Фоліо |
| Дата видання | 2017 |
| 300 ## - Фізичний опис | |
| Обсяг | 157 с. |
| Тип одиниці | В опр. |
| 520 ## - Анотація | |
| Анотація | Стаття українського політика і відомого громадського діяча Арсена Авакова «Ленін з нами» була опублікована в електронних ЗМІ 2007 року й викликала великий громадський резонанс та гарячу дискусію в інтернеті. Тому видання книги «Ленін з нами» 2008 року включало не лише, власне, статтю, а й добірку коментарів та обговорення в різних електронних ЗМІ — свого роду, «інтернет-епістолярій», громадську відповідь на питання актуальності й необхідності декомунізації, звільнення від міфів та ідолів радянської пропаганди.<br/><br/>Через десять років автор знову повертається до теми, додавши до заголовку знак питання. Після Революції Гідності, епохи «ленінопаду» й Закону про декомунізацію читач дістає можливість згадати прямі цитати вождя та ідеолога комунізму в колишньому СРСР і, можливо, по-новому оцінити своє ставлення до Леніна — як цілком певної історичної особистості, так і міфу радянської пропаганди.<br/><br/>У збірку додано цікавий документальний розділ хроніки народного «ленінопаду» й офіційну статистику Інституту національної пам’яті України про демонтаж пам’ятників Леніну в різних областях.<br/><br/>Завершує книжку добірка міркувань і відгуків відомих українських політиків, громадських діячів та публіцистів. Нове доповнене видання книги Арсена Авакова «Ленін з нами?» продовжує актуальну й цілком необхідну для побудови зрілої демократії широку громадську дискусію. |
| 521 ## - Примітка про цільове призначення | |
| Примітка про цільове призначення | Для широкого кола читачів |
| 546 ## - Примітка про мову | |
| Примітка про мову | укр. |
| 650 ## - Тематичні рубрики | |
| Основна рубрика | Громадсько-політичне видання |
| 653 ## - Ключові слова | |
| Ключові слова | Радянська пропаганда |
| -- | Декомунізація |
| 942 ## - ADDED ENTRY ELEMENTS (KOHA) | |
| Джерело класифікації чи схема поличного розташування | |
| Koha item type | Книги |
| Статус вилучення | Статус втрати/відсутності | Джерело класифікації чи схема поличного розташування | Статус пошкодження | Тип обігу (не для випозичання) | Постійне розташування | Поточне розташування | Розташування у відділі | Дата надходження | Інвентарний номер | Total Checkouts | Повний (примірниковий) шифр зберігання | Штрих-код | Date last seen | Дата, для якої чинна ціна заміни | Тип одиниці (рівень примірника) |
|---|---|---|---|---|---|---|---|---|---|---|---|---|---|---|---|
| Публічна бібліотека | Публічна бібліотека | Абонемент | 22/04/2026 | 74212 | 94(477) | 19331 | 22/04/2026 | 22/04/2026 | Книги |